El bloque de cemento en la construcción de viviendas económicas
Αποθηκεύτηκε σε:
| Κύριοι συγγραφείς: | , |
|---|---|
| Μορφή: | Βιβλίο |
| Γλώσσα: | Ισπανικά |
| Έκδοση: |
Santiago
Empresas Industriales El Melón
1964
|
| Θέματα: | |
| Ετικέτες: |
Προσθήκη ετικέτας
Δεν υπάρχουν, Καταχωρήστε ετικέτα πρώτοι!
|
MARC
| LEADER | 00000nam a2200000 a 4500 | ||
|---|---|---|---|
| 001 | UCV9949 | ||
| 003 | CL-VaPUC | ||
| 008 | 930810e19640000CL |||||||||||||||||spa|d | ||
| 082 | 0 | 4 | |a 691.4 |b VEN |2 21 |
| 100 | 0 | |a Venegas Carrasco, Ramón |e author |9 303933 | |
| 700 | 0 | |a Bravo Heitmann, Luis |e author |9 303934 | |
| 245 | 1 | 3 | |a El bloque de cemento en la construcción de viviendas económicas |
| 300 | |a 63 p | ||
| 942 | |c BK | ||
| 945 | |d 19930810 00:00:00 | ||
| 260 | |a Santiago |b Empresas Industriales El Melón |c 1964 | ||
| 650 | 7 | |a CEMENTO |2 CL-VaPUC |9 303935 | |
| 650 | 0 | |a Materiales de construcción |9 260197 | |
| 650 | 0 | |a Vivienda |9 258662 | |
| 583 | |a last modification |c 19930810 00:00:00 |k Rodrigo Vera | ||
| 999 | |c 215217 |d 215215 | ||
| 952 | |0 0 |1 0 |4 0 |6 691_400000000000000_VEN_1964 |7 0 |8 A |9 199252 |a BIBARQ |b BIBARQ |d 2019-11-14 |i 2665689 |o 691.4 VEN 1964 |p 2665689 |r 2025-01-20 |w 2019-11-14 |y BK |k ARQ | ||